|
|
|
|
| LEADER |
00000nam0a2200000 4500 |
| 001 |
276625 |
| 005 |
20231101234934.0 |
| 035 |
|
|
|a (RuTPU)RU\TPU\book\299898
|
| 090 |
|
|
|a 276625
|
| 100 |
|
|
|a 20141125d1986 km y0rusy50 ca
|
| 101 |
0 |
|
|a rus
|
| 102 |
|
|
|a RU
|
| 105 |
|
|
|a a z 001zy
|
| 200 |
1 |
|
|a Репрограммируемые постоянные запоминающие устройства на основе стеклообразных полупроводников
|f В. П. Андреев
|
| 210 |
|
|
|a Москва
|c Радио и связь
|d 1986
|
| 215 |
|
|
|a 136 с.
|c ил.
|
| 225 |
1 |
|
|a Массовая библиотека инженера "Электроника"
|
| 320 |
|
|
|a Библиогр.: с. 132-136
|
| 606 |
1 |
|
|a Запоминающие устройства полупроводниковые
|x Надежность
|2 stltpush
|3 (RuTPU)RU\TPU\subj\11347
|9 38295
|
| 610 |
1 |
|
|a стеклообразные полупроводники
|
| 610 |
1 |
|
|a информация
|
| 610 |
1 |
|
|a хранение
|
| 610 |
1 |
|
|a запоминающие устройства
|
| 610 |
1 |
|
|a запоминающие элементы
|
| 610 |
1 |
|
|a параметрический контроль
|
| 610 |
1 |
|
|a устойчивая работа
|
| 675 |
|
|
|a 681.327.67
|v 3
|
| 700 |
|
1 |
|a Андреев
|b В. П.
|g Виктор Павлович
|
| 801 |
|
1 |
|a RU
|b 63413507
|c 20141125
|
| 801 |
|
2 |
|a RU
|b 63413507
|c 20170404
|g RCR
|
| 942 |
|
|
|c BK
|